Statystyki dla Postacie Śródziemia - Władca Pierścieni + Hobbit

Kliknij tutaj aby rozwiązać quiz!

Ogólne statystyki

  • Ten quiz został rozwiązany 725 razy
    (582 od ostatniego zresetowania)
  • Średni wynik to 34 z 101

Statystyki odpowiedzi

PodpowiedźPostać% Poprawnych
IstariGandalf / Mithrandir / Thar-kun / Olórin
93%
ShireBilbo Baggins
92%
ShireFrodo Baggins
91%
EreborThorin II Dębowa Tarcza
87%
Mroczna PuszczaLegolas
86%
ShireSamwise Gamgee
86%
IstariSaruman / Sharkey / Curunir
85%
DunadainAragorn II / Elessar / Obieżyświat
84%
MordorSauron / Thauron / Gorthaur Okrutny
84%
GondorBoromir
75%
Plemię DurinaFili
74%
Plemię DurinaKili
74%
Góry BłękitneGimli
73%
Khazad-DumBalin
72%
ShireMeriadoc Brandybuck
72%
LorienGaladriela / Altariel
71%
ShirePeregrin Took
71%
Plemię DurinaBombur
68%
RivendellElrond Półelf
67%
GondorFaramir
65%
Plemię DurinaDwalin
64%
RivendellGloin
64%
IstariRadagast / Aiwendil
62%
Plemię DurinaBifur
60%
Plemię DurinaBofur
59%
RivendellArwena / Undómiel / Gwiazda Wieczorna
58%
RohanEowina
57%
BeoringowieBeorn
56%
RohanTheoden
56%
Góry MglisteGollum / Smeagol
55%
Plemię DurinaOin
54%
Plemię DurinaOri
54%
Plemię DurinaNori
52%
Wielki GadSmaug
52%
DaleBard II
49%
EsgarothBard I Smokobójca
49%
Mroczna PuszczaThranduil
49%
RohanEomer
48%
EntDrzewiec / Fangorn
46%
GondorDenethor II / Namiestnik Gondoru
44%
Plemię DurinaDori
43%
Dzieci IV EryTolman Gamgee / Tom
42%
TrollTom
42%
Khazad-DumAzog
39%
Żelazne WzgórzaDain II Żelazna Stopa
39%
LorienCeleborn
36%
NazgulCzarnoksiężnik z Angmaru / Król Nazguli
36%
RohanGrima Smoczy Język
36%
Cirith UngolSheloba
34%
Góry MglisteBolg
28%
ShireRóżyczka / Róża Cotton
26%
Stary LasTom Bombadil / Forn / Orald / Iarwain Ben-adar
26%
LorienHaldir
25%
RohanTheodred
22%
TrollWilliam
19%
RivendellGlorfindel
17%
RohanHama
16%
ShireHamfast Gamgee / Dziadunio
14%
MordorRzecznik Saurona
14%
Stary LasZłota Jagoda
14%
TrollBert
13%
BreeBob
11%
DaleBain
9%
Wielki OrzełGwaihir
9%
BreeBarliman Butterbur
8%
DaleBrand
8%
Szare PrzystanieCirdan
8%
MordorGothmog
8%
NazgulKhamul Easterling
8%
IstariPallando
8%
BreeBill Ferny
6%
ShireLobelia Sackville-Baggins
6%
IstariAlatar
5%
BreeNob
5%
GondorBeregond
4%
ShireDrogo Baggins
4%
Dzieci IV EryEldarion
4%
BreeHarry
4%
Dzieci IV EryBilbo Gamgee
3%
DunharrowKról Umarlaków
3%
Dzieci IV EryRóża Gamgee
3%
Dzieci IV EryFaramir Took
2%
ShireLotho Sackville-Baggins
2%
Dzieci IV EryMerry Gamgee
2%
ShireOtho Sackville-Baggins
2%
Dzieci IV EryPippin Gamgee
2%
Dzieci IV EryStokrotka Gamgee
2%
EreborThorin III
2%
Dzieci IV EryBarahir
1%
ShireDiament Took
1%
Dzieci IV EryElanor Gamgee
1%
Dzieci IV EryHamfast Gamgee
1%
NazgulMorgomir
1%
Dzieci IV EryPierwiosnka Gamgee
1%
Dzieci IV EryRobin Gamgee
1%
Dzieci IV EryRuby Gamgee
1%
Dzieci IV EryZłotogłówka Took
1%
ShireBell Gamgee
0%
Dzieci IV EryElfwin Piękny
0%
ShireEsmeralda Brandybuck
0%
GondorLothiriel
0%

Rozkład punktacji

Percentyl według liczby udzielonych odpowiedzi

Procent ludzi z każdym wynikiem

Twoja historia wyników

Nie rozwiązałeś tego quizu od ostatniego zresetowania